Nová dimenze působení na zákazníka

Pôsobenie na zákazníka novými spôsobmi reklamy - pohyblivá teda projekčná reklama. Projekciu sa dá rozdeliť na dve časti: mobilnú a statickú.

Gespeichert in:
Bibliographische Detailangaben
Format: Buchkapitel
Sprache:Tschechisch
Schlagworte:
Tags: Tag hinzufügen
Keine Tags, Fügen Sie das erste Tag hinzu!

MARC

LEADER 00000naa a2200000 4500
001 r042131
005 20230522110517.0
041 0 |a cze 
044 |a CZ 
245 1 0 |a Nová dimenze působení na zákazníka 
520 |a Pôsobenie na zákazníka novými spôsobmi reklamy - pohyblivá teda projekčná reklama. Projekciu sa dá rozdeliť na dve časti: mobilnú a statickú. 
610 2 0 |a reklama 
610 2 0 |a zákazníci 
610 2 0 |a obchod 
610 2 0 |a podpora predaja